000 01008nam a2200241Ia 4500
003 OSt
005 20220923223922.0
006 a|||||r|||| 00| 0
007 ta
008 220922b |||||||| |||| 00| 0 hin d
024 _a223,322
037 _cTextual
040 _aARTS
_cARTS
_bhin
041 _2hin
_ahin
082 _a4:(P152:795), 152P3-;1
100 _aगुप्त, जितेन्द्र; प्रियदर्शन; अरूण प्रकाश; जोशी, रामशरण, संपा.
_9167674
245 0 _aपत्रकारिता मे अनुवाद
246 _aPatrakāritā me anuvāda
260 _aदिल्ली
_b राधाकृष्ण
_c2003
300 _a108पृ.
_ccm.
942 _h4:(P152:795), 152P3-;1
_cTEXL
_2CC
999 _c368233
_d368233